[Event "IECC TH-T email"]
[Site "IECC email"]
[Date "2001.06.14"]
[Round "?"]
[White "Fuhrmann, Andreas"]
[Black "Conrad, Tibor"]
[Result "1-0"]
[WhiteElo "1641"]
[BlackElo "1185"]
[PlyCount "25"]
[EventDate "2001.??.??"]
[EventType "match (corr)"]
[EventRounds "2"]
[SourceTitle "Corr 2008"]
[Source "ChessBase"]
[SourceDate "2008.06.24"]
[SourceVersion "1"]
[SourceVersionDate "2008.06.24"]
[SourceQuality "1"]

1. c4 e5 2. Nc3 Nc6 3. Nf3 Nf6 4. e3 Bb4 5. Qc2 0-0 6. Nd5 Re8 7. Qf5 d6 8. Nxf6+ gxf6 9. Qh5 d5 10. Bd3 e4 11. cxd5 exd3 12. dxc6 bxc6 13. a3 1-0